Filmy Andrzeja Wajdy - nagła śmierć - Statystyki

Ogólne statystyki
  • Ten quiz został rozwiązany 222 razy
  • Średni wynik to 9 z 20
Answers on the Grid
Answers color-coded by a green-red scale on the quiz's grid according to % correct below.
Pokolenie
Kanał
Popiół i diament
Zemsta
Niewinni czarodzieje
Popioły
Wszystko na sprzedaż
Katyń
Brzezina
Wesele
Ziemia obiecana
Człowiek z marmuru
Bez znieczulenia
Panny z Wilka
Człowiek z żelaza
Danton
Korczak
Panna Nikt
Pan Tadeusz
Wyrok na Franciszka Kłosa
Eroica
Lalka
Faraon
Perła w koronie
Do widzenia, do jutra
Krzyżacy
Akcja pod Arsenałem
Nóż w wodzie
Westerplatte
Amator
Barwy ochronne
Żywot Mateusza
Ucieczka z kina "Wolność"
Dziś w nocy umrze miasto
Ida
Baza ludzi umarłych
Kolejność uczuć
Hubal
Symetria
Plac Zbawiciela
 
Statystyki odpowiedzi
Odpowiedź % Poprawnych
Człowiek z marmuru
68%
Katyń
68%
Pan Tadeusz
60%
Ziemia obiecana
60%
Człowiek z żelaza
58%
Popiół i diament
57%
Kanał
56%
Popioły
48%
Panny z Wilka
43%
Wesele
43%
Zemsta
40%
Danton
39%
Panna Nikt
39%
Korczak
37%
Pokolenie
35%
Brzezina
32%
Niewinni czarodzieje
32%
Wszystko na sprzedaż
30%
Bez znieczulenia
21%
Wyrok na Franciszka Kłosa
19%
Nie znaleziono quizów pasujących do podanych kryteriów
Rozkład punktacji
Procent ludzi z każdym wynikiem
Percentyl według liczby udzielonych odpowiedzi
Twoja historia wyników
Nie rozwiązałeś tego quizu